Statistics for Complete the Card - WWE Royal Rumble 2019

Click here to take the quiz!

General Stats

  • This quiz has been taken 706 times
  • The average score is 14 of 23

Answer Stats

Answer% Correct
Seth Rollins
97%
Becky Lynch
96%
Brock Lesnar
93%
AJ Styles
80%
Daniel Bryan
77%
Asuka
75%
Sasha Banks
75%
Finn Balor
73%
Ronda Rousey
72%
Cesaro
65%
Sheamus
65%
The Miz
58%
Shinsuke Nakamura
57%
Rusev
52%
Shane McMahon
51%
Buddy Murphy
47%
Kalisto
41%
Chad Gable
37%
Bobby Roode
36%
Akira Tozawa
32%
Scott Dawson
31%
Hideo Itami
24%
Rezar
24%

Score Distribution

Percentile by Number Answered

Percent of People with Each Score

Your Score History

You have not taken this quiz